| 000 | 00898nam a22002297a 4500 | ||
|---|---|---|---|
| 003 | PILC | ||
| 005 | 20160128094036.0 | ||
| 008 | 150508b xxu||||| |||| 00| 0 eng d | ||
| 020 | _a0590251708 (pbk.) | ||
| 050 | _aPZ7 .M363 1989 | ||
| 100 | 1 | _aMartin, Ann M. | |
| 245 | 1 | 0 |
_aLittle miss stoneybrook and dawn _cAnn M. Martin. |
| 260 |
_aNew York : _bScholastic, _cc1989 |
||
| 300 |
_a144 p. ; _c20 cm. |
||
| 440 | 1 |
_aBaby-sitters Club ; _v#15. |
|
| 500 | _a"An Apple paperback." | ||
| 520 | _aEach member of the Baby-sitters Club sponsors a different girl in the Little Miss Stoneybrook competition, as Dawn also tries to cope with the break-up of her family after her parents are divorced. | ||
| 650 | 0 |
_aBeauty contests _xJuvenile fiction. |
|
| 650 | 0 |
_aFamily life _xJuvenile fiction. |
|
| 650 | 0 |
_aBabysitters _xJuvenile fiction. |
|
| 942 |
_2lcc _cBK _hPZ 7 .M363 1989 |
||
| 999 |
_c283900 _d283900 |
||